Applied methods of the theory of random functions /

Guardado en:
Autor Principal: Sveshnikov, A. A.
Formato: Libro
Idioma:English
Russian
Publicado: Oxford ; New York : Pergamon Press, [1966]
Edición:[1st English ed.].
Series:International series of monographs in pure and applied mathematics ; v. 89
Materias:
Etiquetas: Agregar Etiqueta
Sin Etiquetas, Sea el primero en etiquetar este registro!
LEADER 00859cam a22002291a 4500
001 MAT.inmabb005979
008 730104s1966####enk######b####000#0#eng##
005 20180611161613.0
245 1 0 |a Applied methods of the theory of random functions /  |c [by] A.A. Sveshnikov. Translated by J. Berry. Translation edited by L. Haller. 
250 |a [1st English ed.]. 
260 |a Oxford ;  |a New York :  |b Pergamon Press,  |c [1966] 
300 |a x, 321 p. ;  |c 23 cm. 
440 0 |a International series of monographs in pure and applied mathematics ;  |v v. 89 
504 |a Bibliografía: p. 311-312. 
510 4 |a MR,  |c 33 #6874 
100 1 |a Sveshnikov, A. A.  |q (Aram Arutiunovich) 
650 0 |a Stochastic processes. 
084 |a 60-01 (00A69)  |2 msc2000 
010 |a  66018233  
040 |a DLC  |c ODaWU  |d OCoLC  |d DLC 
041 1 |a eng  |h rus 
859 |h 60  |i Sv968  |p A-4812  |b BIB. MATEMATICA